000 00986cab a2200289 4500
001 WB3311-15
008 090401t1997 xxu||||| |||| 00| 0 eng d
035 _a(Sirsi) u77115
041 _aeng
245 _aUK retailing
260 _c1997
350 _a0
490 _aFinancial Times
_v13 March 1997, 13-16(4) LOAN
520 _aSupplement on the retail sector including articles on the likely effects of the Single European Currency, the grocery trade, home shopping, loyalty cards and the effects of IT.
650 _aPROPERTY-COMMERCIAL PROPERTY
650 _aERM
650 _aGROCERY TRADE
650 _aHOME SHOPPING
650 _aMANAGEMENT-BUSINESS MANAGEMENT-INFORMATION MANAGEMENT
650 _aLOYALTY CRADS
650 _aPROPERTY-COMMERCIAL PROPERTY-RETAIL PROPERTY-RETAIL PROPERTY MARKET
650 _aRETAILING
650 _aSINGLE EUROPEAN CURRENCY
690 _aPROPERTY-COMMERCIAL PROPERTY-RETAIL PROPERTY
942 _n0
948 _c14/03/1997
999 _c48474
_d48474